Stranger Things Episode Descriptions - Statistics

General Stats
  • This quiz has been taken 191 times
  • The average score is 9 of 15
Answer Stats
Hint Answer % Correct
A new kid shows up in Hawkins Middle School MADMAX
83%
Joyce and Hopper see Will in the Upside Down The Upside Down
83%
Mike and his friends trap Billy in the sauna The Sauna Test
77%
Dustin tries to see his girlfriend Suzie, Do You Copy?
76%
Eleven sees her sister The Lost Sister
73%
Mike and his friends dress up as the Ghostbusters Trick or Treat, Freak
71%
Billy almost flays Eleven The Battle of Starcourt
62%
Eleven gets bitten by the Mind Flayer The Bite
60%
Nancy and Jonathan go out looking for the Demogorgon The Monster
57%
Billy gets taken by the Mind Flayer The Mall Rats
56%
Billy is acting weirdly at the pool The Case of the Missing Lifeguard
54%
Will knows what the monster is The Mind Flayer
53%
Hopper digs a tunnel under the dirt Dig Dug
50%
Robin and Steve are trapped with the Russians E Pluribus Unum
48%
The Mind Flayer gets Will Will the Wise
48%
No matching quizzes found
Score Distribution
Percent of People with Each Score
Percentile by Number Answered
Your Score History
You have not taken this quiz